Famous Last Words Quiz Stats

 Plays Quiz not verified by Sporcle

Challenge
Share
Tweet
Embed
Score 0/37 Timer 05:00
0 Plays Today
% Correct
Napoleon Bonaparte
79.4%
Joe DiMaggio
77.9%
Jesus Christ
70.6%
James French
70.6%
Oscar Wilde
61.8%
Anna Pavlova
57.4%
Marie Antoinette
52.9%
P.T. Barnum
51.5%
Leonardo da Vinci
47.1%
Leadbelly
47.1%
Che Guevera
45.6%
Dylan Thomas
45.6%
Tupac Shakur
45.6%
Archimedes
45.6%
Lee Harvey Oswald
44.1%
John Lennon
44.1%
Thomas Becket
41.2%
General John Sedgwick
39.7%
Marvin Gaye
39.7%
% Correct
Malcolm X
38.2%
Steve Jobs
35.3%
Humphrey Bogart
33.8%
Winston Churchill
33.8%
Admiral Horatio Nelson
33.8%
General Thomas 'Stonewall' Jackson
29.4%
Captain Lawrence Oates
29.4%
Nostradamus
27.9%
Harriet Tubman
26.5%
Henry VIII
23.5%
Charles II
22.1%
Groucho Marx
20.6%
Benjamin Franklin
17.6%
George V
17.6%
Donald Campbell
16.2%
Pancho Villa
11.8%
Jean-Paul Sartre
8.8%
Vladimir Ilych Lenin
5.9%

You're not logged in!

Compare scores with friends on all Sporcle quizzes.
OR
Log In

You Might Also Like...

Show Comments

Extras

Top Quizzes Today


Score Distribution

Your Account Isn't Verified!

In order to create a playlist on Sporcle, you need to verify the email address you used during registration. Go to your Sporcle Settings to finish the process.

Report this User

Report this user for behavior that violates our Community Guidelines.

Details: